000 00598nam a2200229Ia 4500
003 OSt
005 20220923230726.0
006 a|||||r|||| 00| 0
007 ta
008 Pun
024 _a305,101
037 _cTextual
040 _aARTS
_cARTS
_bPun
041 _2Pun
_aPun
082 _aV55:21wM93, 153K6
100 _aਮਾਨ ਸਿੰਘ
245 0 _aਹਰ ਵਾਲਟਰ ਉਲਬ੍ਰਿFਟ
260 _c1966
650 _aਭਾਰਤੀਯ ਇਤਿਹਾਸ
942 _hV55:21wM93, 153K6
_cTEXL
_2CC
999 _c386904
_d386904